• 首页
  • 本馆介绍
  • 公告通知
  • 最新文献
  • 馆藏检索
  • 电子资源
  • 读者导购
  • 参考咨询
  • 我的图书馆
  • 登录
  • 详细信息显示
  • 放入我的书架
  • 预约/预借图书
  • 作者相关作品
  • 分类相关作品
  • 丛书相关作品
  • 出版社相关作品

书目信息

  • 表格格式
  • 工作单格式
  • 卡片格式
题名:
有理逼近方法及其在数值计算与图像修复中的应用
    
 
作者: 李声锋 著
分册:  
出版信息: 长春   吉林大学出版社  2020.02
页数: 134页
开本: 24cm
丛书名:
单 册:
中图分类: O241 , TN911.73
科图分类:
主题词: 有理逼近--you li bi jin--应用--数值计算--研究 , 有理逼近--you li bi jin--应用--图象处理--研究
电子资源:
ISBN: 978-7-5692-5758-8
000 01235nam0 2200253 450
001 0106081757
005 20201106082043.0
010    @a978-7-5692-5758-8@dCNY40.00
100    @a20200608d2020 em y0chiy50 ea
101 0  @achi
102    @aCN@b220000
105    @aa z 000yy
106    @ar
200 1  @a有理逼近方法及其在数值计算与图像修复中的应用@Ayou li bi jin fang fa ji qi zai shu zhi ji suan yu tu xiang xiu fu zhong de ying yong@f李声锋著
210    @a长春@c吉林大学出版社@d2020.02
215    @a134页@d24cm
330    @a本书重点介绍了基于有理逼近的数值计算和数字图像处理等应用方面的内容。内容安排如下:首先,介绍主要研究理论和研究问题,即重点介绍了连分式理论与Padé逼近理论的发展历史以及迭代方法和图像处理技术等问题;后介绍连分式的有关理论、Padé逼近的有关理论、迭代方法的理论;基于以上的介绍后论述基于连分式插值的迭代公式及其数值计算与基于Padé逼近的迭代公式及其数值计算;最后介绍数字图像处理方面的工作,即主要讨论基于连分式插值的图像修复问题。
606 0  @a有理逼近@Ayou li bi jin@x应用@x数值计算@x研究
606 0  @a有理逼近@Ayou li bi jin@x应用@x图象处理@x研究
690    @aO241@v5
690    @aTN911.73@v5
701  0 @a李声锋@Ali sheng feng@4著
801  0 @aCN@bBJSZM@c20201106
905    @b1191184-7@dO241@e254@f4
    
    有理逼近方法及其在数值计算与图像修复中的应用/李声锋著.-长春:吉林大学出版社,2020.02
    134页;24cm
    
    
    ISBN 978-7-5692-5758-8:CNY40.00
    本书重点介绍了基于有理逼近的数值计算和数字图像处理等应用方面的内容。内容安排如下:首先,介绍主要研究理论和研究问题,即重点介绍了连分式理论与Padé逼近理论的发展历史以及迭代方法和图像处理技术等问题;后介绍连分式的有关理论、Padé逼近的有关理论、迭代方法的理论;基于以上的介绍后论述基于连分式插值的迭代公式及其数值计算与基于Padé逼近的迭代公式及其数值计算;最后介绍数字图像处理方面的工作,即主要讨论基于连分式插值的图像修复问题。
●
相关链接 在E读中查询图书 在五车中查询图书 在当当中查询图书 在豆瓣中查询图书


正题名:有理逼近方法及其在数值计算与图像修复中的应用     索取号:O241/254         预约/预借

序号 登录号 条形码 馆藏地/架位号 状态 备注
1 1191184   211911840   第二样本阅览室/ [索取号:O241/254] 在馆    
2 1191185   211911859   第三借阅区/ [索取号:O241/254] 在馆    
3 1191186   211911868   第三借阅区/ [索取号:O241/254] 在馆    
4 1191187   211911877   第三借阅区/ [索取号:O241/254] 在馆    
唐山师范学院图书馆 欢迎您!
大连网信软件有限公司© 版权所有